| 000 | 00733cam a2200217a 44500 | ||
|---|---|---|---|
| 003 | OSt | ||
| 005 | 20150408113744.0 | ||
| 008 | 970811s1993 su g 00000 ara dd | ||
| 040 |
_aSA-RiAUC _bara _cSA-RiAUC |
||
| 041 | _aعربي | ||
| 072 | 0 |
_a041 _xالتربية والتعليم |
|
| 082 | 0 | 4 | _a370.11 س هـ ت |
| 092 |
_a370.11 _bس هـ ت |
||
| 100 | 1 |
_aسلفان، هوارد. _92852 |
|
| 245 | 1 | 2 |
_aالتدريس من أجل الكفاية / _cتأليف هوارد سلفان. |
| 250 | _aط. 1. | ||
| 260 |
_aالرياض _bجامعة الملك سعود، عمادة شؤون المكتبات، _c1414 = 1993 |
||
| 300 |
_a146 ص. ؛ _c24 سم. 7 |
||
| 650 |
_aالتعليم _xفلسفة _2aucsh.\\ _92853 |
||
| 942 |
_2ddc _cBOOK |
||
| 999 |
_c3178 _d237678 |
||